Porto 2020's Starting XI - Statistics

General Stats
  • This quiz has been taken 1,700 times
    483 since last reset
  • The average score is 19 of 35
Answer Stats
Player % Correct
Diogo Costa
95%
Mehdi Taremi
90%
Pepê
86%
Pepe
86%
Chancel Mbemba
72%
Stephen Eustáquio
70%
Luis Díaz
66%
Otavio
66%
Otávio
66%
Agustín Marchesín
64%
Moussa Marega
64%
Galeno
59%
João Mário
59%
Mateus Uribe
59%
Evanilson
58%
Evanilson
58%
Iván Marcano
58%
Jesús Corona
54%
Zaidu Sanusi
54%
Alan Varela
50%
Alan Varela
50%
Vitinha
45%
Nehuén Pérez
42%
Samu Omorodion
42%
Alex Telles
41%
Wendell
40%
Tiquinho Soares
39%
Danilo Pereira
37%
Fabio Vieira
36%
Moura
34%
Sérgio Oliveira
33%
Nicolás González
31%
Francisco Conceição
27%
Wilson Manafá
23%
Fábio Cardoso
19%
No matching quizzes found
Score Distribution
Percent of People with Each Score
Percentile by Number Answered
Your Score History
You have not taken this quiz since the last reset